02072 a2200181 45000010006000000050017000060080041000230030015000640400040000790800104001192450039002230200018002622640048002803000031003285051376003591000026017358560129017612686820260407155546.0260407a2000 arg spa dAR-UNSa-BCEJYS aAR-UNSa-BCEJYSbspacAR-UNSa-BCEJYS a347.736xQuiebra. Insolvencia. Suspensión de pagos. Bancarrota, procedimientos. Derecho Concursal10aInstituciones de Derecho Concursal a950-727-098-1 1aSanta Fe :bRubinzal-Culzoni Editoresc2000 a2 v. (399; 387 p.)c23 cm. aVol. I: 1. Nociones preliminares - 2. Evolución del derecho concursal argentino desde 1972 - 3. Los procesos concursales, presupuesto, principios, sujetos, funcionarios y reglas procesales generales - 4. El concurso extranacional - 5. Sujetos, requisitos, apertura y efectos - 6. El periodo informativo - 7. Categorización, propuesta de acuerdo preventivo y salvataje - 8. Homologación, efectos, nulidad e incumplimiento del acuerdo preventivo - 9. Supuestos especiales: Concurso de agrupamiento y acuedo preventivo extrajudicial - Vol.II: 10. Introducción. La declaración de quiebra - 11. Efectos de la quiebra, efectos personales,despoderamiento y continuación de la actividad de la empresa del fallido - 12. Efectos de la quiebra sobre los actos prejudiciales para los acreedores - 13. Efectos de la quiebra sobre las relaciones jurídicas - 14. Efectos de la quiebra sobre las relaciones jurídicas(continuación) - 15. Liquidación de los activos.Informe final y distribución - 16. Privilegios - 17. Conclusión de la quiebra y clausura del procedimiento - 18. Las sanciones causadas en la quiebra. Sanciones contra el fallido y los administradores de la sociedad quebrada - 19. Las sanciones a terceros extensión de quiebra y responsabiidad de terceros - 20. Regimen de los pequeños concursos - 21. Aplicación de la ley 24.552 en el tiempo.1 aRivera, Julio César41uhttps://biblioeco.unsa.edu.ar/pmb/images/libros/Instituciones de Derecho Concursal-l86241.jpgyImagen de portadaqimage/jpeg